Malezas e invasoras de la Argentina /
Guardado en:
| Autor Principal: | |
|---|---|
| Otros Autores: | , , |
| Formato: | Libro |
| Idioma: | Spanish |
| Publicado: |
Bahía Blanca :
EdiUNS,
2014-
|
| Materias: | |
| Acceso en línea: | Acceso a texto completo tomo 1 |
| Etiquetas: |
Agregar Etiqueta
Sin Etiquetas, Sea el primero en etiquetar este registro!
|
| LEADER | 01364nam a22002895a 4500 | ||
|---|---|---|---|
| 001 | EEA.libagro010098 | ||
| 008 | 140819m20149999ag#a##########000#0#spa#d | ||
| 005 | 20200909221944.0 | ||
| 245 | 1 | 0 | |a Malezas e invasoras de la Argentina / |c editores: Osvaldo A. Fernández, Eduardo S. Leguizamón, Horacio A. Acciaresi. |
| 260 | |a Bahía Blanca : |b EdiUNS, |c 2014- | ||
| 300 | |a v. : |b il., fot. col. ; |c 29 cm. | ||
| 505 | 0 | |a t. I: Ecología y manejo (xi, 945 p.) -- t. II: Descripción y reconocimiento (xix, 936 p.) -- t. III: Historia y biología (813 p.) | |
| 530 | |a Disponible también en línea (t. 1) | ||
| 020 | |a 9789871907700 (t. 1) | ||
| 020 | |a 9789876551120 (t. 2) | ||
| 020 | |a 9789876551939 (t. 3) | ||
| 100 | 1 | |a Fernández, Osvaldo A. |q (Osvaldo Alberto), |e ed. | |
| 700 | 1 | |a Leguizamón, Eduardo S., |e ed. | |
| 700 | 1 | |a Acciaresi, Horacio A., |e ed. | |
| 700 | 1 | |a Villamil, Carlos B., |e coeditor |n t. 3. | |
| 082 | 0 | 4 | |a 632.5 |
| 650 | 7 | |a Malezas |z Argentina | |
| 856 | 4 | 1 | |3 Acceso a texto completo tomo 1 |u https://elibro.net/es/lc/unsbiblio/titulos/77341 |
| 859 | |a AR-BbBCA |b BIB. AGRONOMIA |h 632.5 |i F363 |p 2014/6420 |v t.1 |3 Tomo I | ||
| 859 | |a AR-BbBCA |b BIB. AGRONOMIA |h 632.5 |i F363 |p 2017/6760 |v t.2 |3 Tomo II | ||
| 859 | |a AR-BbBCA |b BIB. AGRONOMIA |h 632.5 |i F363 |p 2017/6775 |t Ej.2 |v t.2 |3 Tomo II | ||
| 859 | |a AR-BbBCA |b BIB. AGRONOMIA |h 632.5 |i F363 |p 2018/6953 |v t.3 |3 Tomo III | ||
